|
|
|
|
| LEADER |
00000cam a2200000 a 4500 |
| 001 |
90759 |
| 005 |
20230308173737.0 |
| 008 |
000000|1992 ||||||||r|||||||||||spa|| |
| 020 |
|
|
|a 98061100171
|
| 040 |
|
|
|b spa
|
| 041 |
1 |
|
|a spa
|
| 082 |
0 |
|
|a 362.293
|
| 100 |
1 |
|
|a Olmo, Rosa del
|9 70143
|
| 245 |
0 |
0 |
|a Prohibir o domesticar?: políticas de drogas en América Latina
|c Rosa del Olmo
|h imp
|
| 264 |
|
|
|a Caracas
|b Nueva Sociedad
|c 1992
|
| 300 |
|
|
|a 141 páginas:
|
| 650 |
1 |
|
|a Drogas
|9 8073
|
| 650 |
1 |
|
|a Drogas en america latina
|9 70144
|
| 650 |
1 |
|
|a Criminalizacion de la mujer
|9 70145
|
| 650 |
1 |
|
|a Guerra norteamericana a las drogas
|9 70146
|
| 650 |
1 |
|
|a Legalizacion de las drogas
|9 70147
|
| 852 |
|
|
|a UC-CDJBV
|c PRIMER PISO
|f Compra
|k sara.alvarado
|l 1
|m General
|p 00000000
|r 2
|t 90759
|b 0
|d CDRC
|e CDRC
|g 362.293 PRIMER PISO
|z 0000-00-00
|
| 942 |
|
|
|c BK
|
| 999 |
|
|
|c 44310
|d 44310
|